000 00778nam a2200265 i 4500
003 DO-SdBNP
005 20241008134925.0
007 ta
008 241008b2016 xxu||||| |||| 00| 0 spa d
020 _a9781365425851
040 _aDO-SdBNP
_bspa
_cBNPHU
_erda
082 4 _222
100 1 _aLantigua, Eduardo,
_d1950-
_eautor
_4aut.
_986674
245 1 0 _aUn pez atrapado en el desierto /
_cEduardo Lantigua
260 _aSegunda edición
264 4 _aKingwood, Estados Unidos :
_bMediaIsla,
_c2016.
300 _a110 páginas ;
_c23 cm.
336 _atexto
_btxt
_2rdacontent
337 _asin mediación
_bn
_2rdamedia
338 _avolumen
_bnc
_2rdacarrier
490 _aAndar de ciegos
_v11
590 _aInventariado, 2024/BT
910 _aBtavárez
942 _2ddc
_cLBS1
999 _c57784
_d57784